الخط العربي الف باء : (رقم التسجيلة. 35634)
[ عرض عادي ]
| 000 -LEADER | |
|---|---|
| fixed length control field | 00566nac a22001817a 4500 |
| 005 - DATE AND TIME OF LATEST TRANSACTION | |
| control field | 20251108165940.0 |
| 008 - FIXED-LENGTH DATA ELEMENTS--GENERAL INFORMATION | |
| fixed length control field | 250721s1985 xx 000 0 ara d |
| 082 14 - DEWEY DECIMAL CLASSIFICATION NUMBER | |
| Classification number | ط/411.7/محم |
| 100 1# - MAIN ENTRY--PERSONAL NAME | |
| Personal name | الغزي، محمد فتحي |
| 245 10 - TITLE STATEMENT | |
| Title | الخط العربي الف باء : |
| Remainder of title | خط النسخ : للصغار و الكبار / |
| 264 1# - PRODUCTION, PUBLICATION, DISTRIBUTION, MANUFACTURE, AND COPYRIGHT NOTICE | |
| Place of production, publication, distribution, manufacture | جدة : |
| Name of producer, publisher, distributor, manufacturer | دار المطبوعات الحديثة، |
| Date of production, publication, distribution, manufacture, or copyright notice | 1985. |
| 300 ## - PHYSICAL DESCRIPTION | |
| Extent | 30ص |
| 490 0# - SERIES STATEMENT | |
| Series statement | سلسلة كتب تعليم |
| 650 17 - SUBJECT ADDED ENTRY--TOPICAL TERM | |
| Topical term or geographic name as entry element | لغة عربية |
| 650 17 - SUBJECT ADDED ENTRY--TOPICAL TERM | |
| Topical term or geographic name as entry element | خط |
| 942 ## - ADDED ENTRY ELEMENTS (KOHA) | |
| Source of classification or shelving scheme | Dewey Decimal Classification |
| Koha item type | مجموعات |
| حالة السحب | حالة الفقدان | مصدر التصنيف | حالة التلف | غير قابل للإعارة | المكتبة الرئيسية | المكتبة الحالية | موقع الرف | تاريخ التزويد | الرقم المتسلسل | Total Checkouts | رقم الإستدعاء | تاريخ آخر ظهور | تاريخ الفاتورة | نوع المادة (كوها) |
|---|---|---|---|---|---|---|---|---|---|---|---|---|---|---|
| Dewey Decimal Classification | Unchecked | مكتبة حمزة العامة | مكتبة حمزة العامة | الأطفال | 06/07/2004 | 1890 | ط/411.7/محم | 28/07/2025 | 06/07/2004 | مجموعات | ||||
| Dewey Decimal Classification | Unchecked | مكتبة حمزة العامة | مكتبة حمزة العامة | الأطفال | 06/07/2004 | 1891 | ط/411.7/محم | 28/07/2025 | 06/07/2004 | مجموعات | ||||
| Dewey Decimal Classification | Unchecked | مكتبة حمزة العامة | مكتبة حمزة العامة | الأطفال | 06/07/2004 | 1892 | ط/411.7/محم | 28/07/2025 | 06/07/2004 | مجموعات |